[Event "Andorra Open"]
[Site "La Massana AND"]
[Date "2010.07.22"]
[Round "6"]
[White "Zoler,D"]
[Black "Berthelot,Y"]
[Result "1-0"]
[WhiteElo "2474"]
[BlackElo "2272"]
[EventDate "2010.07.17"]

1. d4 Nf6 2. c4 g6 3. g3 Bg7 4. Bg2 d5 5. cxd5 Nxd5 6. Nf3 Nb6 7. O-O Nc6
8. e3 O-O 9. Nc3 Re8 10. d5 Na5 11. Nd4 Bd7 12. e4 c6 13. Re1 Bc8 14. b3 e6
15. Be3 cxd5 16. exd5 Nxd5 17. Nxd5 exd5 18. Rc1 Nc6 19. Nxc6 bxc6 20. Rxc6
d4 21. Rc1 Bf5 22. Bxa8 Qxa8 23. Bd2 Rxe1+ 24. Bxe1 Be4 25. Bd2 h5 26. Qf1
d3 27. Be3 Qd5 28. Rd1 a5 29. f3 Bf5 30. h3 g5 31. Bxg5 a4 32. Be3 axb3 33.
axb3 Qxb3 34. g4 hxg4 35. hxg4 Qe6 36. Kf2 Bg6 37. Qe1 Bf6 38. Qd2 Qd5 39.
Kg2 Be5 40. Rf1 Qd7 41. Qa5 Qd6 42. Qa8+ Kg7 43. Rh1 Kf6 44. f4 1-0

[Event "Andorra Open"]
[Site "La Massana AND"]
[Date "2010.07.22"]
[Round "6"]
[White "Almagro Llamas,P"]
[Black "Morros Faura,R"]
[Result "1-0"]
[WhiteElo "2451"]
[BlackElo "2205"]
[EventDate "2010.07.17"]

1. e4 d6 2. d4 Nf6 3. Nc3 g6 4. f3 c6 5. Be3 b5 6. Qd2 Nbd7 7. g4 Nb6 8.
Bh6 b4 9. Nd1 Bxh6 10. Qxh6 e5 11. Ne2 Ng8 12. Qd2 a5 13. Ne3 Be6 14. d5
cxd5 15. exd5 Bd7 16. Ng3 h5 17. O-O-O Nf6 18. h4 Rc8 19. g5 Nh7 20. Ne4
Qe7 21. Kb1 O-O 22. Bd3 Rc7 23. Rc1 Rfc8 24. c3 bxc3 25. Nxc3 a4 26. Ne4
Be8 27. Qb4 Rxc1+ 28. Rxc1 Rxc1+ 29. Kxc1 Qc7+ 30. Kd2 Nc8 31. Ba6 Qb6 32.
Qxb6 Nxb6 33. Nxd6 Bd7 34. Ndc4 Nxc4+ 35. Nxc4 f6 36. gxf6 Nxf6 37. Nxe5
Be8 38. Bc8 1-0

[Event "Andorra Open"]
[Site "La Massana AND"]
[Date "2010.07.22"]
[Round "6"]
[White "Konguvel,P"]
[Black "Muratet Casadevall,A"]
[Result "1-0"]
[WhiteElo "2416"]
[BlackElo "2181"]
[EventDate "2010.07.17"]

1. e4 c5 2. Nf3 d6 3. d4 cxd4 4. Nxd4 Nf6 5. Nc3 a6 6. Bc4 e6 7. Bb3 Be7 8.
g4 O-O 9. g5 Nfd7 10. Rg1 Nc5 11. Be3 b5 12. Qh5 g6 13. Qh6 Re8 14. Rg3 Bf8
15. Qh4 h5 16. O-O-O Qa5 17. Kb1 Bb7 18. f3 Nbd7 19. Nce2 Bg7 20. Nf4 Bxd4
21. Bxd4 Nxb3 22. axb3 e5 23. Nxh5 exd4 24. Nf6+ Kf8 25. Nxd7+ Ke7 26. Nf6
Rh8 27. Qg4 Bc6 28. Rg2 Qb6 29. Rgd2 Qc5 30. h4 a5 31. Rxd4 Rad8 32. f4 b4
33. f5 a4 34. fxg6 axb3 35. cxb3 fxg6 36. Nd5+ Bxd5 37. exd5 1-0

[Event "Andorra Open"]
[Site "La Massana AND"]
[Date "2010.07.22"]
[Round "6"]
[White "Trepat Herranz,J"]
[Black "Demuth,A"]
[Result "0-1"]
[WhiteElo "2322"]
[BlackElo "2394"]
[EventDate "2010.07.17"]

1. d4 Nf6 2. c4 g6 3. g3 Bg7 4. Bg2 O-O 5. Nf3 d6 6. Nc3 c6 7. O-O Qa5 8.
e4 Bg4 9. h3 Bxf3 10. Bxf3 Nfd7 11. Be3 a6 12. a3 c5 13. b4 Qd8 14. Rc1
cxd4 15. Bxd4 Bxd4 16. Qxd4 Nc6 17. Qd2 a5 18. Nd5 axb4 19. axb4 e6 20. Ne3
Qb6 21. c5 Nde5 22. Bg2 dxc5 23. bxc5 Rfd8 24. cxb6 Rxd2 25. Rfd1 Rb2 26.
Rc3 g5 27. f4 gxf4 28. gxf4 Ng6 29. Nc4 Rb4 30. f5 Nf4 31. Bf1 e5 32. Rg3+
Kf8 33. Rd7 Ra1 34. Ra3 Rxa3 35. Nxa3 Rxb6 36. Nb5 Nxh3+ 37. Kh2 Ng5 38.
Nd6 Rb2+ 39. Kg3 Rd2 40. Kg4 f6 41. Bc4 Nd4 42. Be6 Ndxe6 43. fxe6 Nxe6 44.
Kf5 Ng7+ 0-1

[Event "Andorra Open"]
[Site "La Massana AND"]
[Date "2010.07.23"]
[Round "7"]
[White "Bruzon Batista,L"]
[Black "Arizmendi Martinez,J"]
[Result "1-0"]
[WhiteElo "2653"]
[BlackElo "2532"]
[EventDate "2010.07.17"]

1. e4 e6 2. d4 d5 3. Nc3 Be7 4. Nf3 Nf6 5. Bd3 c5 6. exd5 exd5 7. dxc5 O-O
8. O-O Nbd7 9. Bf5 Nxc5 10. Bxc8 Rxc8 11. Nb5 Qb6 12. Nbd4 Rfe8 13. c3 Ne6
14. Nb3 Qa6 15. h3 Nc5 16. Be3 b6 17. Nbd4 Bf8 18. Nc2 Qb5 19. Rb1 Qc4 20.
Bd4 Nfe4 21. Nb4 Nd7 22. a3 a5 23. Nc2 Qc6 24. Ne3 Rcd8 25. Qc2 Ndc5 26.
Rbd1 a4 27. Rfe1 Qb5 28. Nxd5 Qc6 29. c4 b5 30. Bxc5 Nxc5 31. Rxe8 Qxe8 32.
Ng5 1-0

[Event "Andorra Open"]
[Site "La Massana AND"]
[Date "2010.07.23"]
[Round "7"]
[White "Hamdouchi,H"]
[Black "Cori,J"]
[Result "1-0"]
[WhiteElo "2600"]
[BlackElo "2486"]
[EventDate "2010.07.17"]

1. e4 e5 2. Nf3 Nc6 3. Bb5 a6 4. Ba4 Nf6 5. O-O Be7 6. Re1 b5 7. Bb3 O-O 8.
c3 d6 9. h3 Na5 10. Bc2 c5 11. d3 Re8 12. Nbd2 Bb7 13. Nf1 Bf8 14. Bg5 h6
15. Bxf6 Qxf6 16. Ne3 g6 17. Qd2 Qd8 18. a4 h5 19. axb5 axb5 20. b4 cxb4
21. cxb4 Nc6 22. Nd5 Bg7 23. Rxa8 Bxa8 24. Bb3 Ne7 25. Nxe7+ Qxe7 26. Qg5
Kf8 27. Ra1 Bc6 28. Qe3 Rc8 29. Ng5 Be8 30. Ra7 Rc7 31. Ra8 Bh6 32. Ne6+
fxe6 33. Qxh6+ Qg7 34. Qg5 Qe7 35. Qxg6 Qf7 36. Qh6+ Ke7 37. Qg5+ Kf8 38.
Bd1 1-0

[Event "Andorra Open"]
[Site "La Massana AND"]
[Date "2010.07.23"]
[Round "7"]
[White "Zilberman,Y"]
[Black "Kogan,Ar"]
[Result "1/2-1/2"]
[WhiteElo "2441"]
[BlackElo "2541"]
[EventDate "2010.07.17"]

1. d4 d5 2. c4 c6 3. cxd5 cxd5 4. Nc3 Nf6 5. Nf3 Nc6 6. Bf4 a6 7. e3 Bg4 8.
Be2 e6 9. O-O Be7 10. Rc1 O-O 1/2-1/2

[Event "Andorra Open"]
[Site "La Massana AND"]
[Date "2010.07.23"]
[Round "7"]
[White "Pavlovic,Milo2"]
[Black "Gagarin,V"]
[Result "1/2-1/2"]
[WhiteElo "2483"]
[BlackElo "2403"]
[EventDate "2010.07.17"]

1. e4 e5 2. Nf3 Nc6 3. Bb5 a6 4. Ba4 Nf6 5. O-O Be7 6. Re1 b5 7. Bb3 d6 8.
c3 O-O 9. d4 Bg4 10. d5 Na5 11. Bc2 Qc8 12. h3 Bd7 13. Nbd2 c6 14. b4 Nb7
15. dxc6 Qxc6 16. Bb2 Nd8 17. Nb3 Ne6 18. Bd3 Nf4 19. Na5 Qb6 20. Bf1 Rac8
21. Qd2 Rfd8 22. c4 Qb8 23. Rac1 Ng6 24. a3 Qa8 25. Qe3 Be8 26. Nd2 h6 27.
Qb3 Nf8 28. Qe3 Ne6 29. Nf3 Rb8 30. Nh4 Rbc8 31. Nf5 Bf8 32. Qf3 Ng5 33.
Qd3 Ngxe4 34. Qf3 g6 35. Ng3 Nxg3 36. Qxg3 Bg7 37. Be2 Qb8 38. c5 dxc5 39.
Bxe5 Qb6 1/2-1/2

[Event "Andorra Open"]
[Site "La Massana AND"]
[Date "2010.07.23"]
[Round "7"]
[White "Alsina Leal,D"]
[Black "Martinez Lopez,I"]
[Result "1/2-1/2"]
[WhiteElo "2546"]
[BlackElo "2280"]
[EventDate "2010.07.17"]

1. e4 d5 2. exd5 Qxd5 3. Nc3 Qe5+ 4. Nge2 c6 5. d4 Qc7 6. Bf4 Qa5 7. Nc1
Nf6 8. Nb3 Qf5 9. Qd2 Ne4 10. Nxe4 Qxe4+ 11. Be3 e6 12. O-O-O a5 13. Nc5
Bxc5 14. dxc5 O-O 15. Bd3 Qa4 16. Kb1 e5 17. f4 Na6 18. Bxa6 bxa6 19. Qc3
Re8 20. fxe5 Be6 21. a3 Rad8 22. Rd3 Ra8 23. Rdd1 Rab8 24. Rd4 Qb5 25. Re1
Re7 26. Bc1 Rd7 27. Rd6 Rc7 28. Red1 Rcc8 29. R1d3 a4 30. R3d4 a5 31. g3
Re8 32. Rf4 Kh8 33. Qd4 Kg8 34. Qc3 Kh8 35. Qd4 Kg8 36. h4 h5 37. Qe3 Re7
38. Qd4 Ree8 39. Qc3 Re7 40. Rfd4 Ree8 41. Rf4 Re7 42. Rdd4 Rd7 43. Rxd7
Bxd7 44. Qd3 Qb7 45. Rxa4 g6 46. Rf4 Qc8 47. Rf6 Bf5 48. Qd6 Qe8 49. Bg5
Be6 50. Rf1 Qc8 51. Rd1 Kh7 52. Bf6 Qb7 53. Qxb8 Qxb8 54. Rd8 Qxd8 55. Bxd8
a4 56. Kc1 Kg8 57. Kd2 Kf8 58. Kc3 Ke8 59. Bf6 Bf5 60. b3 Kd7 61. Kb4 Bxc2
62. Kxa4 Kc7 63. Kb4 Kb7 64. Kc3 Bd1 65. Bg5 Ka6 66. Be3 Kb5 67. Bf2 Ka5
68. a4 Ka6 69. Be1 Ka5 70. Kc4+ Ka6 71. a5 Kb7 72. b4 Be2+ 73. Kd4 Kc7 74.
e6 f6 75. Ke3 Bc4 76. Bc3 Bxe6 77. Bxf6 Bc4 78. Kf4 Kb7 79. Ke5 Ka6 80. Kd6
Bb5 81. Bc3 Ba4 82. Bd2 Bb5 83. Ke6 Ba4 84. Kf6 Bc2 85. Be1 Bd3 86. Kg5 Bc2
87. Kf6 Bd3 88. g4 hxg4 89. Kg5 Bc2 90. Kxg4 Bd3 91. Kg5 Bc2 92. Kf6 Bd3
93. Ke5 Bc2 94. Kd6 Ba4 95. Bd2 Bb5 1/2-1/2

[Event "Andorra Open"]
[Site "La Massana AND"]
[Date "2010.07.23"]
[Round "7"]
[White "Gonzalez Vidal,Y"]
[Black "Paci,C"]
[Result "1-0"]
[WhiteElo "2522"]
[BlackElo "2361"]
[EventDate "2010.07.17"]

1. e4 e6 2. d4 d5 3. Nd2 Nf6 4. e5 Nfd7 5. Ngf3 c5 6. c3 Nc6 7. Bd3 g6 8.
h4 h6 9. Qe2 Bg7 10. Nf1 O-O 11. Ne3 cxd4 12. cxd4 f5 13. Nc2 Rf7 14. Bf4
Nb6 15. Qd2 Qf8 16. b3 Bd7 17. Ke2 a5 18. a4 Rc8 19. Rh3 Be8 20. h5 g5 21.
Bxg5 hxg5 22. Qxg5 Qe7 23. Qg6 Rf8 24. Qg3 Nb4 25. Nxb4 axb4 26. h6 Rc3 27.
Rah1 Rxd3 28. hxg7 1-0

[Event "Andorra Open"]
[Site "La Massana AND"]
[Date "2010.07.23"]
[Round "7"]
[White "Cruz Lopez Claret,C"]
[Black "Moreno Ruiz,J"]
[Result "1/2-1/2"]
[WhiteElo "2307"]
[BlackElo "2494"]
[EventDate "2010.07.17"]

1. d4 Nf6 2. c4 g6 3. Nc3 Bg7 4. e4 d6 5. f4 c5 6. d5 O-O 7. Nf3 e6 8. Be2
exd5 9. cxd5 Bg4 10. O-O Nbd7 11. h3 Bxf3 12. Bxf3 Ne8 13. g4 Nc7 14. g5 b5
15. h4 b4 16. Ne2 Nb5 17. h5 Re8 18. hxg6 hxg6 19. Kg2 f6 20. Bg4 Nf8 21.
Qd3 Rb8 22. Bd2 Qe7 23. Ng3 fxg5 24. f5 Nd4 25. Rae1 Nd7 1/2-1/2

[Event "Andorra Open"]
[Site "La Massana AND"]
[Date "2010.07.23"]
[Round "7"]
[White "Delorme,Ax"]
[Black "Visa Jordana,J"]
[Result "1/2-1/2"]
[WhiteElo "2455"]
[BlackElo "2261"]
[EventDate "2010.07.17"]

1. d4 Nf6 2. c4 e6 3. g3 c5 4. Nf3 d5 5. cxd5 exd5 6. Bg2 Nc6 7. O-O Be7 8.
Nc3 O-O 9. dxc5 Bxc5 10. Na4 Be7 11. b3 Be6 12. Bb2 b5 13. Nc3 a6 14. Nd4
Nxd4 15. Qxd4 Qd7 16. Rac1 Rfd8 17. e4 dxe4 18. Qe5 Bd6 19. Qg5 h6 20. Qe3
Bf5 21. Nxe4 Nxe4 22. Bxe4 Bxe4 23. Qxe4 Qe6 24. Qd4 Qg6 25. Qb6 Be7 26.
Qb7 Bf6 1/2-1/2

[Event "Andorra Open"]
[Site "La Massana AND"]
[Date "2010.07.23"]
[Round "7"]
[White "Philippe,C"]
[Black "Lam,S"]
[Result "1-0"]
[WhiteElo "2431"]
[BlackElo "2093"]
[EventDate "2010.07.17"]

1. e4 c5 2. Nf3 Nc6 3. d4 cxd4 4. Nxd4 g6 5. Nc3 Bg7 6. Be3 Nf6 7. Bc4 O-O
8. Bb3 d6 9. h3 Bd7 10. O-O Nxd4 11. Bxd4 b5 12. Qd3 b4 13. Nd5 e5 14. Be3
a5 15. Bb6 Qb8 16. Bc7 Bb5 17. Qf3 Qa7 18. Nxf6+ Bxf6 19. Bxd6 Bxf1 20.
Qxf6 Qb6 21. Rxf1 Ra6 22. Rd1 Qc6 23. Qf3 Qxd6 24. Rxd6 Rxd6 25. Bd5 Kg7
26. Qe3 Rc8 27. c4 bxc3 28. bxc3 Rd7 29. c4 Rb8 30. Qc3 f6 31. c5 Rb4 32.
c6 Rc7 33. Qc5 1-0

[Event "Andorra Open"]
[Site "La Massana AND"]
[Date "2010.07.23"]
[Round "7"]
[White "Cori T.,D"]
[Black "Garcia,Rau"]
[Result "1-0"]
[WhiteElo "2403"]
[BlackElo "2240"]
[EventDate "2010.07.17"]

1. d4 Nf6 2. Nf3 e6 3. e3 b6 4. Bd3 Bb7 5. O-O Be7 6. b3 O-O 7. Bb2 c5 8.
Nbd2 d6 9. Qe2 Nbd7 10. Rfd1 Qc7 11. Rac1 Rac8 12. c4 Rfd8 13. e4 cxd4 14.
Nxd4 a6 15. f3 g6 16. Nf1 Bf8 17. Ne3 Qb8 18. Bb1 Qa8 19. Rd2 Qb8 20. Rcd1
Ba8 21. Kh1 b5 22. cxb5 axb5 23. Ndc2 d5 24. exd5 Nxd5 25. Nxd5 exd5 26.
Qf2 Re8 27. Ne3 Qb6 28. Bd4 Qe6 29. f4 f5 30. g4 fxg4 31. f5 gxf5 32. Bxf5
Qf7 33. Rg1 Bg7 34. Bxh7+ Kf8 35. Bxg7+ Kxg7 36. Rxg4+ Kf8 37. Rf4 1-0

[Event "Andorra Open"]
[Site "La Massana AND"]
[Date "2010.07.24"]
[Round "8"]
[White "Hamdouchi,H"]
[Black "Bruzon Batista,L"]
[Result "1/2-1/2"]
[WhiteElo "2600"]
[BlackElo "2653"]
[EventDate "2010.07.17"]

1. e4 e5 2. Nf3 Nc6 3. Bb5 Nf6 4. d3 Bc5 5. c3 O-O 6. O-O d6 7. Nbd2 a6 8.
Ba4 Ba7 9. h3 Ne7 10. Re1 Ng6 11. Nf1 b5 12. Bc2 1/2-1/2

[Event "Andorra Open"]
[Site "La Massana AND"]
[Date "2010.07.24"]
[Round "8"]
[White "Paunovic,D"]
[Black "Narciso Dublan,M"]
[Result "1/2-1/2"]
[WhiteElo "2553"]
[BlackElo "2540"]
[EventDate "2010.07.17"]

1. g3 d5 2. Bg2 Nf6 3. Nf3 g6 4. O-O Bg7 5. c4 e6 6. d4 O-O 7. Nbd2 Na6 8.
b3 c5 9. Bb2 b6 10. dxc5 Nxc5 11. b4 Ncd7 12. cxd5 exd5 13. Qb3 Bb7 14.
Rac1 a5 15. a3 axb4 16. axb4 Rc8 17. Rxc8 Qxc8 18. e3 Qb8 19. h4 Qd6 20.
Rd1 Re8 21. Bd4 Bf8 22. Qb2 Ne4 23. b5 Ndc5 24. Qb1 Bg7 25. Nxe4 Nxe4 26.
Qb2 Bxd4 27. Nxd4 Nc5 28. Ne2 Ne6 29. Qb3 Rd8 30. Nc3 Nc7 31. Nxd5 Nxd5 32.
e4 Re8 33. exd5 Bc8 34. Bf3 h5 35. Kg2 Bd7 36. Rb1 Rc8 37. Qe3 Qc5 38. Qg5
Kf8 39. Qf6 Kg8 40. Re1 Re8 41. Rxe8+ Bxe8 42. Qd8 Qxb5 43. d6 Kg7 44. Qc7
Bd7 45. Kh2 Qf5 46. Kg2 b5 47. Bc6 Bxc6+ 48. Qxc6 Kf6 49. Qc7 Qd5+ 50. Kh2
Qd4 51. Qe7+ Kg7 52. Kg2 Qd5+ 53. Kh2 Qd4 1/2-1/2

[Event "Andorra Open"]
[Site "La Massana AND"]
[Date "2010.07.24"]
[Round "8"]
[White "Balogh,C"]
[Black "Shytaj,L"]
[Result "1-0"]
[WhiteElo "2628"]
[BlackElo "2466"]
[EventDate "2010.07.17"]

1. e4 c5 2. Nf3 d6 3. d4 cxd4 4. Nxd4 Nf6 5. Nc3 a6 6. Be3 e5 7. Nf3 Qc7 8.
a4 Be7 9. a5 O-O 10. Be2 Nbd7 11. O-O Nc5 12. Nd5 Nxd5 13. exd5 Bg4 14. Nd2
Bxe2 15. Qxe2 f5 16. c4 Nd7 17. f3 Bf6 18. b4 e4 19. Rac1 Rae8 20. f4 Rf7
21. c5 dxc5 22. bxc5 Rd8 23. Nc4 Rff8 24. Rfd1 g6 25. Nb6 Nxb6 26. axb6 Qf7
27. c6 Rxd5 28. cxb7 Rfd8 29. Rxd5 Qxd5 30. Qc4 1-0

[Event "Andorra Open"]
[Site "La Massana AND"]
[Date "2010.07.24"]
[Round "8"]
[White "Kogan,Ar"]
[Black "Zoler,D"]
[Result "0-1"]
[WhiteElo "2541"]
[BlackElo "2474"]
[EventDate "2010.07.17"]

1. d4 d5 2. c4 c6 3. Nf3 Nf6 4. Nc3 dxc4 5. a4 Bf5 6. Ne5 Nbd7 7. Nxc4 Nb6
8. Ne5 a5 9. g3 e6 10. Bg2 Bb4 11. O-O O-O 12. e3 h6 13. Qb3 Bh7 14. Rd1
Nbd7 15. Na2 Nxe5 16. Nxb4 Qb6 17. dxe5 Nd5 18. Bd2 Rfd8 19. Bc3 Nxb4 20.
e4 c5 21. Qc4 Rxd1+ 22. Rxd1 Rd8 23. Rf1 Qc6 24. f4 b6 25. f5 Nc2 26. fxe6
fxe6 27. Bh3 Re8 28. Rf4 Qd7 29. Rf2 Ne3 30. Qe2 Nd1 31. Qd2 Qxa4 32. Bxe6+
Rxe6 33. Qd5 Qc6 34. Qxd1 Bxe4 35. Rd2 Bf5 36. Qh5 Qe4 37. Rf2 Bg6 38. Qd1
Kh7 39. Qd7 Bf5 40. Qd2 Bg6 41. Rf4 Qc6 42. Rf8 a4 43. Qd8 Re8 44. Rxe8
Bxe8 45. Qe7 Qd7 46. Qd6 Qf5 47. Qd2 Bb5 48. Qf2 Qb1+ 49. Qe1 Qxe1+ 50.
Bxe1 Kg6 51. Kf2 Kf5 52. Ke3 g5 53. g4+ Ke6 54. h4 Bd7 55. Ke4 Bc6+ 56. Ke3
b5 57. hxg5 hxg5 58. Ba5 b4 59. Kd3 Bb5+ 60. Ke4 a3 61. bxa3 bxa3 62. Ke3
Kxe5 63. Bc3+ Kd5 64. Kd2 Ke4 65. Kc2 Ba4+ 66. Kb1 Kf4 67. Ka2 Kxg4 68.
Kxa3 Bd1 69. Bd2 Kh4 70. Be3 c4 71. Kb4 Bb3 72. Kc3 g4 73. Kd2 g3 74. Bd4
Kh3 75. Ke2 Bc2 76. Be5 Bd3+ 77. Kf3 g2 78. Kf2 Be4 79. Kg1 Kg4 80. Kf2 Bf3
81. Bh2 c3 82. Ke3 Be4 83. Ke2 Kf5 84. Ke3 Ke6 85. Bg1 Kd5 86. Ke2 Kc4 87.
Be3 Kb3 88. Bd4 c2 89. Kd2 g1=Q 90. Be3 0-1

[Event "Andorra Open"]
[Site "La Massana AND"]
[Date "2010.07.24"]
[Round "8"]
[White "Spraggett,K"]
[Black "Pavlovic,Milo2"]
[Result "1-0"]
[WhiteElo "2575"]
[BlackElo "2483"]
[EventDate "2010.07.17"]

1. e4 c5 2. Nf3 d6 3. d4 cxd4 4. Nxd4 Nf6 5. Nc3 g6 6. Bc4 Bg7 7. O-O O-O
8. Re1 Nc6 9. Nb3 a6 10. Bf1 b5 11. Bg5 h6 12. Bh4 b4 13. Nd5 Nd7 14. c3
bxc3 15. Nxc3 Bb7 16. Rc1 Rc8 17. Qd2 g5 18. Bg3 Nde5 19. h4 gxh4 20. Bxh4
Ng6 21. Bg3 h5 22. Qg5 h4 23. Bh2 e6 24. Qxd8 Rfxd8 25. Red1 Bh6 26. Rb1
Nge5 27. Be2 Kh7 28. Kf1 Rc7 29. Nc5 dxc5 30. Rxd8 Nxd8 31. Bxe5 Rd7 32.
Bf6 Nc6 33. Bxh4 Nd4 34. Rd1 f5 35. Bd3 Kg6 36. exf5+ exf5 37. f3 Rc7 38.
Bf2 Bg7 39. Bc4 Be5 40. Na4 Bf6 41. b3 Rh7 42. Nxc5 Rh1+ 43. Bg1 Ba8 44.
Ne6 Nc2 45. Ke2 1-0

[Event "Andorra Open"]
[Site "La Massana AND"]
[Date "2010.07.24"]
[Round "8"]
[White "Cori,J"]
[Black "De la Riva Aguado,O"]
[Result "1-0"]
[WhiteElo "2486"]
[BlackElo "2532"]
[EventDate "2010.07.17"]

1. d4 Nf6 2. Nf3 g6 3. c4 Bg7 4. Nc3 O-O 5. g3 d6 6. Bg2 Nc6 7. O-O a6 8.
h3 Bd7 9. e4 e5 10. Be3 exd4 11. Nxd4 Re8 12. Re1 Qc8 13. Nxc6 bxc6 14. Kh2
Rb8 15. Qe2 c5 16. Rab1 Bc6 17. b3 Qb7 18. f3 a5 19. a4 Nd7 20. Nd5 Nf6 21.
Bd2 Ra8 22. Ne3 Nd7 23. Nd5 Nf6 24. Nf4 Nd7 25. h4 Nf8 26. Bh3 Bd7 27. Bxd7
Nxd7 28. h5 Ne5 29. Kg2 Nc6 30. Bc3 Nd4 31. Bxd4 Bxd4 32. hxg6 fxg6 33. Qd2
Qb4 34. Qxb4 cxb4 35. Rbd1 Be5 36. Nd5 Rac8 37. f4 Bg7 38. Kf3 h5 39. Re2
Kf7 40. Rc2 c5 41. Ne3 Bf8 42. Rh2 Rc7 43. Nd5 Rcc8 44. f5 Re5 45. fxg6+
Kg7 46. Nf4 Rce8 47. Rdh1 Rxe4 48. Rxh5 Kf6 49. g4 R4e5 50. Rxe5 dxe5 51.
Nd5+ Kxg6 52. Ke4 Bg7 53. Rd1 Rh8 54. Ne3 Rh2 55. Rd6+ Kf7 56. Ra6 Rg2 57.
g5 Kg8 58. g6 1-0

[Event "Andorra Open"]
[Site "La Massana AND"]
[Date "2010.07.24"]
[Round "8"]
[White "Gagarin,V"]
[Black "Gonzalez Vidal,Y"]
[Result "1/2-1/2"]
[WhiteElo "2403"]
[BlackElo "2522"]
[EventDate "2010.07.17"]

1. d4 Nf6 2. Nf3 e6 3. c4 b6 4. e3 Bb7 5. Bd3 d5 6. O-O Bd6 7. Nc3 O-O 8.
b3 Nbd7 9. Bb2 a6 10. Rc1 Qe7 11. cxd5 exd5 12. Ne2 Ne4 13. Ng3 g6 14. Qc2
Rac8 15. Qe2 Rfe8 16. Rc2 h5 17. Bxa6 Bxa6 18. Qxa6 Ra8 19. Qb7 h4 20. Ne2
h3 21. Qxd5 hxg2 22. Kxg2 Rxa2 23. Ng3 Ndf6 24. Qc6 Qe6 25. Qc4 Nd5 26. Bc1
b5 27. Qe2 Nec3 28. Qd2 Ne4 29. Qe2 Ndc3 30. Qd3 Bxg3 31. hxg3 Qxb3 32.
Rxa2 Qxa2 33. Nd2 b4 34. Nxe4 Nxe4 35. Qb5 Qa8 36. f3 Rb8 37. Qc4 Nc3 38.
Rf2 Nd5 39. e4 Nc3 40. Qd3 Qa1 41. Bb2 Qd1 42. Qc4 Qe1 43. Qxc7 Ra8 44. Qb7
Nd1 45. Qxa8+ Kh7 46. Rc2 Ne3+ 47. Kh2 Nf1+ 48. Kg2 Ne3+ 49. Kh2 Nf1+ 50.
Kg2 1/2-1/2

[Event "Andorra Open"]
[Site "La Massana AND"]
[Date "2010.07.24"]
[Round "8"]
[White "Mogranzini,R"]
[Black "Philippe,C"]
[Result "1/2-1/2"]
[WhiteElo "2387"]
[BlackElo "2431"]
[EventDate "2010.07.17"]

1. c4 f5 2. g3 Nf6 3. Bg2 g6 4. Nc3 Bg7 5. d3 O-O 6. e4 fxe4 7. dxe4 d6 8.
Nge2 c5 9. O-O Nc6 10. Rb1 Be6 11. Nd5 Nh5 12. b3 Qd7 13. Bb2 Bh3 14. Bxg7
Nxg7 15. Bxh3 Qxh3 16. f4 Rf7 17. a3 Raf8 18. b4 Ne6 19. Qd3 b6 20. Ne3
1/2-1/2

[Event "Andorra Open"]
[Site "La Massana AND"]
[Date "2010.07.24"]
[Round "8"]
[White "Fierro Baquero,M"]
[Black "Alsina Leal,D"]
[Result "1-0"]
[WhiteElo "2372"]
[BlackElo "2546"]
[EventDate "2010.07.17"]

1. e4 c5 2. Nf3 Nc6 3. Bb5 Nf6 4. Bxc6 dxc6 5. d3 Bg4 6. h3 Bh5 7. Nbd2 Nd7
8. a4 f6 9. O-O e5 10. Nc4 Qc7 11. a5 Be7 12. Be3 Nf8 13. c3 Ne6 14. Re1
O-O 15. Qb3 Bf7 16. Rad1 Rfd8 17. Qa3 Bf8 18. b4 cxb4 19. cxb4 c5 20. b5
Nd4 21. Bxd4 cxd4 22. Qb3 Qe7 23. Rc1 Qb4 24. Rb1 Qxb3 25. Rxb3 Rac8 26.
Nfd2 g6 27. Kf1 Bh6 28. Ke2 Rc5 29. Rb2 Kf8 30. Rb4 Ke7 31. Reb1 Kd7 32.
R1b2 Rdc8 33. Rc2 Re8 34. Rb1 Rcc8 35. Rbc1 Be6 36. Rb1 Ke7 37. Rb4 Bd7 38.
Rb1 Rc5 39. Rcb2 Rec8 40. Rb4 Bg5 41. R1b2 h5 42. Rb1 Bh6 43. R1b2 Bf4 44.
Rb1 h4 45. R1b2 f5 46. Rb1 Be6 47. f3 Bxd2 48. Nxd2 Rc2 49. R4b2 R2c3 50.
Ra1 Rc1 51. Rxc1 Rxc1 52. exf5 Bxf5 53. f4 Rc3 54. fxe5 Kf7 1-0

[Event "Andorra Open"]
[Site "La Massana AND"]
[Date "2010.07.24"]
[Round "8"]
[White "Delchev,A"]
[Black "Schneider,Ve"]
[Result "1-0"]
[WhiteElo "2632"]
[BlackElo "2292"]
[EventDate "2010.07.17"]

1. d4 Nf6 2. c4 g6 3. Nc3 d5 4. Bg5 Ne4 5. Bh4 Nxc3 6. bxc3 dxc4 7. e3 Be6
8. Be2 Bg7 9. Nf3 Nd7 10. O-O Nb6 11. e4 O-O 12. a4 a5 13. Qc2 Bd7 14. Bg3
Qe8 15. Bd1 Rc8 16. Re1 f6 17. Qa2 e5 18. Bc2 Rd8 19. h3 Qe7 20. Red1 Be8
21. Rab1 Kh8 22. Bh2 g5 23. d5 Qc5 24. Kf1 Rf7 25. Bg1 Bf8 26. Ra1 Nc8 27.
Nd2 Qa7 28. Nxc4 Bc5 29. Nd2 Nd6 30. Nb3 Bb6 31. Bd3 f5 32. Re1 fxe4 33.
Bxe4 Rf4 34. Bf3 e4 35. Bg4 Bxa4 36. g3 Bxb3 37. Qxb3 Rf6 38. Ra2 Rdf8 39.
Ree2 Nf5 40. Kg2 Nd6 41. c4 Bd4 42. Qd1 Qc5 43. Rad2 Bc3 44. Rc2 Rf3 45.
Rxe4 Nxe4 46. Bxf3 Qxc4 47. Be2 Qb4 48. Qd3 Re8 49. Bf3 Bg7 50. Rc4 Nc5 51.
Qc2 Qb3 52. Rxc5 Qxc2 53. Rxc2 a4 54. d6 c6 55. d7 Rd8 56. Re2 Bf6 57. Bg4
Kg7 58. f4 1-0

[Event "Andorra Open"]
[Site "La Massana AND"]
[Date "2010.07.24"]
[Round "8"]
[White "Serrano Salvador,E"]
[Black "Vernay,C"]
[Result "0-1"]
[WhiteElo "2359"]
[BlackElo "2470"]
[EventDate "2010.07.17"]

1. d4 d5 2. Bg5 f6 3. Bf4 c5 4. Bxb8 Rxb8 5. e3 c4 6. Nc3 f5 7. e4 dxe4 8.
Bxc4 Nf6 9. Nh3 e6 10. d5 b5 11. Bxb5+ Rxb5 12. Nxb5 Qa5+ 13. Nc3 Ba3 14.
bxa3 Qxc3+ 15. Kf1 Ba6+ 16. Kg1 Nxd5 17. Qe1 Qxa3 18. c4 Bxc4 19. Rc1 Qxa2
20. Ra1 Qc2 21. Qc1 Qxc1+ 22. Rxc1 Nb6 23. Ra1 a6 24. Rb1 Bb5 25. Nf4 Ke7
26. h4 Nd5 27. g3 Rc8 28. Kg2 Nxf4+ 29. gxf4 Rc3 30. h5 h6 31. Rh3 Rc2 32.
Rg3 Kf6 33. Rg6+ Kf7 34. Rg3 Rc7 35. Kh3 Be2 36. Kh4 Bf3 37. Rb6 Bg4 38.
Rxa6 Rc1 39. Rga3 Rh1+ 40. Kg3 Rxh5 41. Kg2 Bf3+ 42. Kg3 Bg4 43. Ra8 Rh3+
44. Kg2 Rh4 45. Kg3 g5 46. R3a7+ Kg6 47. Rg8+ Kh5 48. Rh7 Rh3+ 49. Kg2 gxf4
50. Re8 Rh4 0-1

[Event "Andorra Open"]
[Site "La Massana AND"]
[Date "2010.07.24"]
[Round "8"]
[White "Martinez Lopez,I"]
[Black "Panelo,M"]
[Result "0-1"]
[WhiteElo "2280"]
[BlackElo "2450"]
[EventDate "2010.07.17"]

1. c4 e6 2. g3 d5 3. Bg2 Nf6 4. Nf3 Be7 5. O-O O-O 6. d4 dxc4 7. Qc2 a6 8.
Qxc4 b5 9. Qc2 Bb7 10. Bd2 Be4 11. Qb3 c5 12. dxc5 Nbd7 13. c6 Bxc6 14. Bb4
Bxb4 15. Qxb4 a5 16. Qd6 Ra6 17. Qd4 Qa8 18. Nbd2 Nb6 19. Nb3 Rd8 20. Qc3
Na4 21. Qc1 Be4 22. Nbd2 Bb7 23. b3 Rc6 24. Qa3 Nc3 25. Rfe1 b4 26. Qb2 Rc5
27. a3 Qb8 28. axb4 axb4 29. Nc4 h6 30. Ra5 Rxa5 31. Nxa5 Bd5 32. Nc4 Qb5
33. Ne3 Bb7 34. Nc4 Nfe4 35. e3 Qh5 36. Nd4 Bd5 37. Bf3 Qg5 38. Bxe4 Bxe4
39. f3 Bb7 40. Qf2 Ra8 41. e4 Ra2 42. Qe3 Qh5 43. h4 Qc5 44. Nc2 Qc7 45.
Qf2 Rxc2 46. Qxc2 Qxg3+ 47. Kf1 Qxf3+ 48. Qf2 Qh1+ 49. Qg1 Qxh4 50. Qf2
Qh3+ 0-1

[Event "Andorra Open"]
[Site "La Massana AND"]
[Date "2010.07.24"]
[Round "8"]
[White "Vehi Bach,V"]
[Black "Cruz Lopez Claret,C"]
[Result "1/2-1/2"]
[WhiteElo "2405"]
[BlackElo "2307"]
[EventDate "2010.07.17"]

1. e4 e5 2. Nf3 Nc6 3. Bc4 Nf6 4. d3 Bc5 5. c3 a6 6. O-O Ba7 7. Bb3 d6 8.
Be3 O-O 9. Nbd2 Ne7 10. Nh4 Kh8 11. Bxa7 Rxa7 12. f4 exf4 13. Rxf4 Ng6 14.
Nxg6+ fxg6 15. d4 Qe7 16. Qe2 g5 17. Rff1 Ra8 18. Qe3 h6 19. e5 Bd7 20. Nc4
Nd5 21. Qe2 Be6 22. Rfe1 Rae8 23. exd6 cxd6 24. Nb6 Nf4 25. Bxe6 Nxe6 26.
Nd5 Qf7 27. g3 Qg6 1/2-1/2

[Event "Andorra Open"]
[Site "La Massana AND"]
[Date "2010.07.25"]
[Round "9"]
[White "Narciso Dublan,M"]
[Black "Hamdouchi,H"]
[Result "1/2-1/2"]
[WhiteElo "2540"]
[BlackElo "2600"]
[EventDate "2010.07.17"]

1. d4 Nf6 2. c4 g6 3. Nc3 d5 4. e3 Bg7 5. cxd5 Nxd5 6. Nxd5 Qxd5 7. Ne2 O-O
8. Nc3 Qa5 9. Bd2 c6 10. Bc4 Nd7 11. O-O Qd8 12. Bb3 b6 13. Qf3 Bb7 14.
Rfd1 e6 15. Rac1 Qe7 1/2-1/2